Football Teams Wes Hoolahan Played For - Statistics

General Stats
  • This quiz has been taken 3 times
  • The average score is 7 of 9
Answer Stats
Team % Correct
Ireland
100%
Newcastle Jets
100%
Norwich City
100%
Blackpool
67%
Cambridge United
67%
Doncaster City
67%
Livingston
67%
West Bromwich Albion
67%
Shelbourne
33%
No matching quizzes found
Score Distribution
Percent of People with Each Score
Percentile by Number Answered
Your Score History
You have not taken this quiz